| 000 | 00621nam a22002057a 4500 | ||
|---|---|---|---|
| 003 | BUBTL | ||
| 008 | 210902b xxu||||| |||| 00| 0 eng d | ||
| 020 | _a9843000027858 | ||
| 082 | _a346.06645 / K5271f 2020 | ||
| 100 |
_94153 _aKhan, Md.Al-Imran |
||
| 245 |
_aFundamentals of Company Law with Partnership Law / _cMd.Al-Imran Khan |
||
| 250 | _a10th edn. | ||
| 260 |
_aDhaka : _bUniversity Publications, _cc2020. |
||
| 300 |
_a20, 620 p. : _c21 cm. |
||
| 650 | 0 |
_926 _aLaw |
|
| 700 |
_94154 _aIslam, Khairul (Taz) |
||
| 856 |
_k0 _l0 _yDownload |
||
| 942 |
_2ddc _cBK |
||
| 999 |
_c6523 _d6523 |
||